Normal view
MARC view
- Karmakar, Nemai Chandra
Entry Personal Name
001 - CONTROL NUMBER
- control field: 80348
003 - CONTROL NUMBER IDENTIFIER
- control field: NUST
005 - DATE AND TIME OF LATEST TRANSACTION
- control field: 20210628210642.0
008 - FIXED-LENGTH DATA ELEMENTS
- fixed length control field: 210628|| aca||aabn | a|a d
040 ## - CATALOGING SOURCE
- Original cataloging agency: NUST
- Transcribing agency: NUST
100 ## - HEADING--PERSONAL NAME
- Personal name: Karmakar, Nemai Chandra
670 ## - SOURCE DATA FOUND
- Source citation: Work cat.: (NUST): Karmakar, Nemai Chandra, Handbook of smart antennas for rfid systems, 2010
